000 00694nam a2200205 a 4500
001 000035367
005 20200930074305.0
008 111028s1977 ag 000 0 spa d
040 _aDO-SdBNP
_bspa
_cBNPHU
041 1 7 _aspa
_heng
100 1 _aBrenner, Charles
_961170
245 1 0 _aElementos fundamentales de psicoanálisis /
_cCharles Brenner ; traducción Horacio Martínez.
250 _a4a. ed.
260 _aBuenos Aires :
_bLibros Básicos,
_c1977.
300 _a237 p. ;
_c20 cm.
504 _aIncluye bibliografía
590 _aPerteneció a la biblioteca personal de Juan Isidro Jimenes Grullón
650 2 4 _aPsicoanálisis
_91958
700 1 _aMartínez, Horacio,
_etrad.
_961171
999 _c34858
_d34858